| 000 | 00753nam a2200241Ia 4500 | ||
|---|---|---|---|
| 003 | OSt | ||
| 005 | 20220926020841.0 | ||
| 006 | a|||||r|||| 00| 0 | ||
| 007 | ta | ||
| 008 | 220923b |||||||| |||| 00| 0 eng d | ||
| 020 |
_a9783642314728 _c5538.31 |
||
| 037 |
_b2243, 17/01/2020, Dhanraj Book House _cGeneral Book |
||
| 040 |
_aRTL _cRTL _beng |
||
| 041 |
_2eng _aeng |
||
| 082 | _aX:9, Q3 | ||
| 100 |
_aMEIFERT Matthias T _9325201 |
||
| 245 | 0 |
_aStrategic human resource development _b A journey in eight stages. |
|
| 260 |
_aNew York _bSpringer _c2013 |
||
| 300 |
_av,360p _ccm. |
||
| 650 | _aCommerce | ||
| 942 |
_hX:9, Q3 _cGB _2CC |
||
| 999 |
_c635088 _d635088 |
||